000 00501nam a2200181Ia 4500
001 24458
005 20260414151044.0
008 260414t2005||||xx |||||||||||||| ||spa||
041 _aESP
082 _a345.7
_bR22
100 _aRamírez Cruz, Eugenio María [1958-...]
_eAUT
245 0 _aManual práctico proceso civil y comercial :
_bproceso de conocimiento, proceso abreviado
260 _c2005
300 _apágs. :
_c23 cm.
650 _aDER
654 _aCDE
942 _cLIB
_dJUS
_fJUS
_2ddc
_n
999 _c24458
_d24458